| 000 | 00660nam a22002057a 4500 | ||
|---|---|---|---|
| 003 | 0 | ||
| 005 | 20251029102733.0 | ||
| 008 | 251029b xxu||||| |||| 00| 0 eng d | ||
| 020 | _a979-8-89161-449-9 | ||
| 050 |
_aTX 911.3.H67 _b.F67 2025 |
||
| 100 |
_aFoster, Noah, _eauthor. |
||
| 245 |
_aHousekeeping operations / _cNoah Foster. |
||
| 260 |
_aJersey City, USA : _bAlexis Press, _c2025. |
||
| 300 |
_ax, 316 pages : _bcolored illustrations ; _c27 cm. |
||
| 504 | _aIncludes bibliographical references and index. | ||
| 650 |
_aHotels _xHousekeeping. |
||
| 650 |
_aHospitality industry _xManagement. |
||
| 650 |
_aHousekeeping _xManagement. |
||
| 942 |
_2lcc _cBK |
||
| 999 |
_c368393 _d368393 |
||